Liste de l'Equipe de France - Euro 2020 - Statistiques

Statistiques générales
  • Ce quiz a été pris 198 fois
  • Le résultat moyen est 22 sur 26
Statistiques - réponses
Poste Equipe Date de naissance (âge)
Joueur % Correct
Gardien Tottenham Hotspur 26/12/1986 (34 ans) Hugo Lloris
100%
Gardien Olympique de Marseille 28/03/1985 (36 ans) Steve Mandanda
95%
Attaquant Real Madrid 19/12/1987 (33 ans) Karim Benzema
90%
Attaquant Paris SG 20/12/1998 (22 ans) Kylian Mbappé
90%
Gardien Lille OSC 03/07/1995 (25 ans) Mike Maignan
90%
Milieu Chelsea FC 29/03/1991 (30 ans) N'Golo Kanté
88%
Attaquant Chelsea FC 30/09/1986 (34 ans) Olivier Giroud
88%
Défenseur Paris SG 18/03/1995 (26 ans) Presnel Kimpembe
88%
Défenseur Real Madrid 25/04/1993 (28 ans) Raphaël Varane
88%
Milieu Manchester United 15/03/1993 (28 ans) Paul Pogba
86%
Attaquant FC Barcelone 21/03/1991 (30 ans) Antoine Griezmann
85%
Défenseur Bayern Munich 28/03/1996 (25 ans) Benjamin Pavard
85%
Défenseur Bayern Munich 14/02/1996 (25 ans) Lucas Hernandez
85%
Attaquant Bayern Munich 13/06/1996 (24 ans) Kingsley Coman
84%
Attaquant FC Barcelone 15/05/1997 (24 ans) Ousmane Dembélé
84%
Attaquant AS Monaco 12/08/1990 (30 ans) Wissam Ben Yedder
82%
Milieu Juventus 03/04/1995 (26 ans) Adrien Rabiot
81%
Défenseur Everton FC 20/07/1993 (27 ans) Lucas Digne
81%
Milieu Bayern Munich 03/08/1994 (26 ans) Corentin Tolisso
78%
Attaquant Borussia Mönchengladbach 06/08/1997 (23 ans) Marcus Thuram
78%
Défenseur FC Séville 12/11/1998 (22 ans) Jules Kounde
76%
Défenseur FC Barcelone 17/06/1995 (25 ans) Clément Lenglet
75%
Défenseur Olympique lyonnais 14/09/1994 (26 ans) Léo Dubois
73%
Milieu Atlético Madrid 12/11/1995 (25 ans) Thomas Lemar
73%
Milieu Tottenham Hotspur 16/08/1989 (31 ans) Moussa Sissoko
72%
Défenseur Chelsea FC 27/10/1994 (26 ans) Kurt Zouma
62%
Aucun quiz correspondant
Distribution des résultats
% des personnes avec chaque résultat
Percentile par nombre de réponses
Votre historique - résultats
Vous n’avez pas pris ce quiz